[Event "Medicine Hat op"]
[Site "Medicine Hat"]
[Date "2014.09.21"]
[Round "5.3"]
[White "Miller, David"]
[Black "Panteluk, Steven"]
[Result "1-0"]
[WhiteElo "2249"]
[BlackElo "1781"]
[PlyCount "69"]
[EventDate "2014.09.20"]
[EventType "swiss"]
[EventRounds "5"]
[EventCountry "CAN"]
[SourceTitle "EXT 2022"]
[Source "ChessBase"]
[SourceDate "2021.10.06"]
[SourceVersion "1"]
[SourceVersionDate "2021.10.06"]
[SourceQuality "1"]

1. e4 e5 2. f4 Nc6 3. Nf3 d6 4. Bc4 Be7 5. 0-0 Nf6 6. Nc3 0-0 7. d4 exd4 8. Nxd4 Nxd4 9. Qxd4 a6 10. a4 Be6 11. Bd3 b6 12. Qe3 d5 13. Qf3 Bg4 14. Qg3 dxe4 15. Bxe4 Nxe4 16. Nxe4 f5 17. Nf2 Bh4 18. Qb3+ Kh8 19. Nxg4 fxg4 20. g3 Bf6 21. Be3 Re8 22. Rad1 Qe7 23. Bf2 h5 24. Rfe1 Qf8 25. Qd5 Rxe1+ 26. Rxe1 g6 27. Re6 Rd8 28. Qe4 Kg7 29. c3 Rd1+ 30. Kg2 Rd2 31. Kf1 Rxb2 32. Bd4 Qa3 33. Bxf6+ Kf7 34. Re7+ Kxf6 35. Qe5# 1-0

[Event "Medicine Hat op"]
[Site "Medicine Hat"]
[Date "2011.09.17"]
[Round "2.3"]
[White "Taylor, William"]
[Black "Panteluk, Steven"]
[Result "0-1"]
[WhiteElo "1892"]
[BlackElo "1721"]
[PlyCount "78"]
[EventDate "2011.09.17"]
[EventType "swiss"]
[EventRounds "5"]
[EventCountry "CAN"]
[SourceTitle "EXT 2022"]
[Source "ChessBase"]
[SourceDate "2021.10.06"]
[SourceVersion "1"]
[SourceVersionDate "2021.10.06"]
[SourceQuality "1"]

1. f4 Nf6 2. b3 e6 3. Bb2 g6 4. Nf3 Bg7 5. e4 d6 6. d3 c5 7. c4 Nc6 8. Nc3 0-0 9. Be2 a6 10. 0-0 Qa5 11. Qd2 b5 12. cxb5 axb5 13. Kh1 Ba6 14. Nd1 b4 15. Ne3 Rfd8 16. g4 d5 17. e5 Ne4 18. Qc2 Nc3 19. a4 Rac8 20. Rfc1 Nd4 21. Nxd4 cxd4 22. Ng2 Ne4 23. Qb1 Rxc1+ 24. Qxc1 Bxd3 25. Qe1 Bxe2 26. Qxe2 d3 27. Qf3 Rc8 28. Bd4 d2 29. Rd1 Rc1 30. Ne3 Bf8 31. f5 Bc5 32. Bxc5 Qxc5 33. fxe6 fxe6 34. Kg2 Rc3 35. Rf1 Ng5 36. Qf6 Rxe3 37. Qd8+ Kg7 38. Qxg5 Re2+ 39. Kh1 Qf8 0-1

[Event "Canadian op"]
[Site "Edmonton"]
[Date "2009.07.15"]
[Round "5.83"]
[White "Panteluk, Steven"]
[Black "Orr, Douglas"]
[Result "1-0"]
[WhiteElo "1682"]
[BlackElo "1424"]
[PlyCount "65"]
[EventDate "2009.07.11"]
[EventType "swiss"]
[EventRounds "9"]
[EventCountry "CAN"]
[SourceTitle "EXT 2022"]
[Source "ChessBase"]
[SourceDate "2021.10.06"]
[SourceVersion "1"]
[SourceVersionDate "2021.10.06"]
[SourceQuality "1"]

1. d4 d5 2. Nf3 e6 3. c4 Nf6 4. Nc3 Be7 5. g3 Nbd7 6. Bg2 0-0 7. c5 c6 8. 0-0 b6 9. b4 bxc5 10. dxc5 a5 11. b5 cxb5 12. Nxb5 Nxc5 13. a4 Ba6 14. Ne5 Bxb5 15. axb5 Bd6 16. Nc6 Qc7 17. Qc2 Nfd7 18. Be3 Be5 19. Nxe5 Nxe5 20. Qxc5 Qxc5 21. Bxc5 Rfc8 22. Bd4 Nc4 23. b6 Rcb8 24. e4 Nd2 25. Rfe1 dxe4 26. Bxe4 Nb3 27. Bxa8 Nxa1 28. Rxa1 Rxa8 29. b7 Rb8 30. Rb1 a4 31. Ba7 a3 32. Bxb8 a2 33. Ra1 1-0

[Event "Canadian op"]
[Site "Edmonton"]
[Date "2009.07.13"]
[Round "3.87"]
[White "Panteluk, Steven"]
[Black "Miller, David"]
[Result "1-0"]
[WhiteElo "1682"]
[BlackElo "1450"]
[PlyCount "68"]
[EventDate "2009.07.11"]
[EventType "swiss"]
[EventRounds "9"]
[EventCountry "CAN"]
[SourceTitle "EXT 2022"]
[Source "ChessBase"]
[SourceDate "2021.10.06"]
[SourceVersion "1"]
[SourceVersionDate "2021.10.06"]
[SourceQuality "1"]

1. d4 Nf6 2. c4 e6 3. Nf3 c5 4. Nc3 cxd4 5. Nxd4 Bb4 6. Bd2 Nc6 7. e3 0-0 8. Be2 a6 9. 0-0 Qc7 10. Bf3 Ne5 11. b3 Nxf3+ 12. Nxf3 b5 13. Nxb5 Qc5 14. Bxb4 Qxb4 15. Nd6 a5 16. Nxc8 Rfxc8 17. Qd3 a4 18. Ne5 axb3 19. axb3 Rab8 20. Rfb1 d5 21. h3 Qd6 22. f4 Ne4 23. cxd5 exd5 24. Ra6 Qd8 25. b4 Rc3 26. Qe2 Rbc8 27. Ra2 Rc1+ 28. Rxc1 Rxc1+ 29. Kh2 Nc3 30. Nxf7 Kxf7 31. Ra7+ Kg8 32. Qa6 Qf6 33. Qc8+ Qf8 34. Qe6+ Kh8 1-0

[Event "Grande Prairie Trumpeter op"]
[Site "Grande Prairie"]
[Date "2009.01.31"]
[Round "2"]
[White "Panteluk, Steven"]
[Black "Stutzman, Larry"]
[Result "1/2-1/2"]
[WhiteElo "1750"]
[BlackElo "1642"]
[PlyCount "83"]
[EventDate "2009.01.31"]
[EventType "swiss"]
[EventRounds "5"]
[EventCountry "CAN"]
[SourceTitle "EXT 2011"]
[Source "ChessBase"]
[SourceDate "2010.11.26"]
[SourceVersion "1"]
[SourceVersionDate "2010.11.26"]
[SourceQuality "1"]

1. c4 Nf6 2. Nc3 g6 3. Nf3 Bg7 4. e4 d6 5. Be2 0-0 6. 0-0 Nc6 7. d4 b6 8. b3 Bb7 9. Bb2 Nb4 10. a3 Na6 11. Qc2 e6 12. h3 Rc8 13. Rad1 Qe7 14. Rfe1 Rfe8 15. d5 Nc5 16. b4 Ncd7 17. b5 Nc5 18. Nh2 Qf8 19. Bf3 exd5 20. cxd5 Re7 21. Rd2 Rce8 22. Rde2 Nfd7 23. Nd1 Bxb2 24. Nxb2 Qg7 25. Nc4 Ne5 26. Nxe5 Qxe5 27. Ng4 Qg7 28. Qd2 h5 29. Nh2 Nb3 30. Qb4 Nd4 31. Rd2 Nxf3+ 32. Nxf3 Qh6 33. h4 Qf4 34. Rd4 Qf6 35. Ng5 Re5 36. Qd2 Bc8 37. f4 R5e7 38. Rf1 Bg4 39. Rc4 Qg7 40. Qc2 f6 41. f5 gxf5 42. Ne6 1/2-1/2

[Event "Trumpeter Classic op"]
[Site "Grande Prairie"]
[Date "2006.01.28"]
[Round "3"]
[White "Panteluk, Steven"]
[Black "Longson, Stan"]
[Result "1-0"]
[WhiteElo "1695"]
[BlackElo "1390"]
[PlyCount "59"]
[EventDate "2006.01.28"]
[EventType "swiss"]
[EventRounds "5"]
[EventCountry "CAN"]
[SourceTitle "EXT 2007"]
[Source "ChessBase"]
[SourceDate "2006.11.23"]
[SourceVersion "1"]
[SourceVersionDate "2006.11.23"]
[SourceQuality "1"]

1. e4 e5 2. f4 exf4 3. Nf3 d6 4. Bc4 Be7 5. 0-0 Nf6 6. Nc3 c6 7. a3 0-0 8. d4 d5 9. exd5 cxd5 10. Ba2 Nc6 11. Bxf4 Bf5 12. Qd2 Ne4 13. Nxe4 Bxe4 14. Rad1 Bf6 15. c3 Ne7 16. h3 Qd7 17. Bg5 Qf5 18. Bxf6 Qxf6 19. Ne5 Qd6 20. Rf4 Ng6 21. Nxg6 fxg6 22. Rxe4 Kh8 23. Re5 Rf5 24. Rde1 h5 25. Bb1 Rf6 26. Qg5 Raf8 27. Re8 Kh7 28. Rxf8 Qxf8 29. Qxh5+ Kg8 30. Bxg6 1-0

[Event "Canadian op"]
[Site "Edmonton"]
[Date "2005.07.15"]
[Round "8"]
[White "Camphaug, Lincoln"]
[Black "Panteluk, Steven"]
[Result "0-1"]
[WhiteElo "1602"]
[BlackElo "1773"]
[PlyCount "68"]
[EventDate "2005.07.09"]
[EventType "swiss"]
[EventRounds "10"]
[EventCountry "CAN"]
[SourceTitle "CBM 107 Extra"]
[Source "ChessBase"]
[SourceDate "2005.09.01"]
[SourceVersion "1"]
[SourceVersionDate "2005.09.01"]
[SourceQuality "1"]

1. e4 e5 2. Nf3 Nc6 3. Bb5 d6 4. c3 Bd7 5. Ba4 Nf6 6. d3 g6 7. 0-0 Bg7 8. Re1 0-0 9. h3 a6 10. Bb3 b5 11. Bd2 Na5 12. Bc2 c5 13. Qc1 Qc7 14. Bh6 Rac8 15. Bxg7 Kxg7 16. a4 h6 17. Nbd2 Be6 18. axb5 axb5 19. b3 b4 20. c4 Nc6 21. Nf1 Qd7 22. Kh2 Nh5 23. g4 Bxg4 24. hxg4 Qxg4 25. Ng1 Nf4 26. Ne3 Qh4+ 27. Nh3 Qxh3+ 28. Kg1 Nd4 29. Bd1 Nf3+ 30. Bxf3 Qxf3 31. Qd2 h5 32. Ra7 h4 33. Qc2 h3 34. Rea1 h2+ 0-1

[Event "Canadian op"]
[Site "Edmonton"]
[Date "2005.07.14"]
[Round "7"]
[White "Panteluk, Steven"]
[Black "Harrop, Breagan"]
[Result "1-0"]
[WhiteElo "1773"]
[BlackElo "1568"]
[PlyCount "69"]
[EventDate "2005.07.09"]
[EventType "swiss"]
[EventRounds "10"]
[EventCountry "CAN"]
[SourceTitle "CBM 107 Extra"]
[Source "ChessBase"]
[SourceDate "2005.09.01"]
[SourceVersion "1"]
[SourceVersionDate "2005.09.01"]
[SourceQuality "1"]

1. e4 Nf6 2. Nc3 d5 3. exd5 Nxd5 4. Nxd5 Qxd5 5. Nf3 Qa5 6. g3 Nd7 7. Bg2 Nf6 8. 0-0 e6 9. h3 c6 10. d4 Bd6 11. Re1 Qc7 12. c4 b6 13. Qc2 0-0 14. c5 Be7 15. Bf4 Qd8 16. Ne5 Nd5 17. Nxc6 Qd7 18. Nxe7+ Qxe7 19. Bxd5 Bb7 20. Bxb7 Qxb7 21. g4 Rfd8 22. c6 Qe7 23. c7 Rdc8 24. Rac1 g5 25. Bd2 h5 26. Qc6 Re8 27. d5 e5 28. d6 Qf8 29. d7 Re6 30. Qxa8 Qxa8 31. c8Q+ Qxc8 32. dxc8Q+ Kg7 33. Bxg5 Kg6 34. h4 a5 35. Qg8# 1-0

[Event "Canadian op"]
[Site "Edmonton"]
[Date "2005.07.13"]
[Round "6"]
[White "Culjaga, Marko"]
[Black "Panteluk, Steven"]
[Result "1-0"]
[WhiteElo "1435"]
[BlackElo "1773"]
[PlyCount "79"]
[EventDate "2005.07.09"]
[EventType "swiss"]
[EventRounds "10"]
[EventCountry "CAN"]
[SourceTitle "CBM 107 Extra"]
[Source "ChessBase"]
[SourceDate "2005.09.01"]
[SourceVersion "1"]
[SourceVersionDate "2005.09.01"]
[SourceQuality "1"]

1. e4 e5 2. f4 exf4 3. Nf3 g5 4. h4 f6 5. Nxg5 h5 6. Nf3 d6 7. Bc4 Bg4 8. d4 Bh6 9. Nc3 Qe7 10. 0-0 a6 11. Nd5 Qd7 12. Bxf4 Nc6 13. Qd2 0-0-0 14. Bxh6 Rxh6 15. a3 Qg7 16. Kh1 f5 17. Ng5 Rf8 18. e5 dxe5 19. dxe5 Nxe5 20. Qc3 Rg6 21. Bb3 Rc6 22. Qd4 Rd6 23. Rfe1 Re8 24. Re3 c6 25. Qc3 Kb8 26. Nb4 f4 27. Re4 f3 28. gxf3 Bxf3+ 29. Nxf3 Red8 30. Qxe5 Nf6 31. Nd3 Ka8 32. Rg1 Qd7 33. Be6 Rxe6 34. Qxe6 Nxe4 35. Qxe4 Re8 36. Qf4 Qh3+ 37. Nh2 Re2 38. Rg8+ Ka7 39. Qd4+ b6 40. Qg7+ 1-0

[Event "Canadian op"]
[Site "Edmonton"]
[Date "2005.07.12"]
[Round "5"]
[White "Panteluk, Steven"]
[Black "Geley, Shawn"]
[Result "1-0"]
[WhiteElo "1773"]
[BlackElo "1522"]
[PlyCount "87"]
[EventDate "2005.07.09"]
[EventType "swiss"]
[EventRounds "10"]
[EventCountry "CAN"]
[SourceTitle "CBM 107 Extra"]
[Source "ChessBase"]
[SourceDate "2005.09.01"]
[SourceVersion "1"]
[SourceVersionDate "2005.09.01"]
[SourceQuality "1"]

1. d4 g6 2. g3 Bg7 3. Bg2 c5 4. Nf3 cxd4 5. Nxd4 Nc6 6. c3 Nf6 7. 0-0 0-0 8. b4 a6 9. Bb2 Ne5 10. Nd2 d6 11. Qb3 Qc7 12. Rac1 Bg4 13. f3 Bd7 14. c4 Qd8 15. Rfd1 e6 16. c5 Bc6 17. Nxc6 Nxc6 18. cxd6 Qxd6 19. Ne4 Qe7 20. Nc5 Rfd8 21. Rxd8+ Rxd8 22. f4 Nd5 23. Bxg7 Kxg7 24. a3 h5 25. Rd1 h4 26. e4 Nf6 27. e5 Ng4 28. Bxc6 bxc6 29. h3 Nh6 30. g4 a5 31. Rxd8 Qxd8 32. Qd3 Qc7 33. Qd7 Qb8 34. Nxe6+ Kh7 35. Ng5+ Kg7 36. Qxc6 axb4 37. axb4 Qxb4 38. Qf3 Qe1+ 39. Kg2 Qd2+ 40. Qf2 Qd5+ 41. Kh2 Qd1 42. Nf3 f6 43. exf6+ Kxf6 44. g5+ 1-0